000 00279nam a22001337a 4500
008 221031b ||||| |||| 00| 0 eng d
041 _aeng
080 _2VOLUME ON
_a621
082 _a621
100 _a19.1
101 _aPSY
245 _aPHYSICS
_cTAYLOR L
942 _2udc
_cBK
999 _c58695
_d58695